浙江省辖县级行政区地图 County-level administrative divisions of Zhejiang - Statistics

General Stats
  • This quiz has been taken 1 857 times
  • The average score is 63 of 90
Answers on the Map
Answers color-coded by a green-red scale on the quiz's map according to % correct below.
 
Answer Stats
县级类 地名 % Correct
市辖区 西湖区
91%
市辖区 萧山区
89%
县级市 义乌市
88%
市辖区 余杭区
84%
市辖区 上城区
83%
市辖区 普陀区
83%
淳安县
82%
县级市 建德市
82%
县级市 海宁市
82%
县级市 慈溪市
82%
市辖区 拱墅区
81%
市辖区 临安区
81%
县级市 东阳市
81%
市辖区 北仑区
81%
县级市 余姚市
81%
桐庐县
80%
象山县
80%
市辖区 柯桥区
80%
县级市 诸暨市
80%
嵊泗县
80%
市辖区 富阳区
78%
海盐县
78%
市辖区 奉化区
78%
县级市 温岭市
78%
市辖区 钱塘区
77%
市辖区 南湖区
77%
县级市 嵊州市
77%
嘉善县
76%
市辖区 镇海区
76%
苍南县
76%
市辖区 滨江区
75%
市辖区 临平区
74%
县级市 江山市
74%
市辖区 定海区
74%
市辖区 南浔区
73%
市辖区 鄞州区
73%
县级市 桐乡市
72%
市辖区 上虞区
72%
市辖区 越城区
72%
县级市 玉环市
72%
安吉县
71%
德清县
71%
长兴县
71%
宁海县
71%
县级市 乐清市
71%
县级市 临海市
70%
天台县
69%
岱山县
69%
县级市 平湖市
68%
自治县 景宁畲族自治县
68%
新昌县
68%
仙居县
68%
市辖区 鹿城区
68%
市辖区 吴兴区
66%
县级市 永康市
66%
青田县
66%
市辖区 海曙区
66%
市辖区 江北区
66%
市辖区 椒江区
66%
市辖区 路桥区
66%
县级市 龙港市
66%
县级市 兰溪市
65%
龙游县
65%
市辖区 黄岩区
65%
三门县
65%
市辖区 秀洲区
64%
缙云县
64%
县级市 瑞安市
64%
市辖区 金东区
63%
市辖区 婺城区
63%
市辖区 洞头区
63%
永嘉县
63%
市辖区 莲都区
62%
市辖区 瓯海区
62%
市辖区 柯城区
60%
开化县
60%
市辖区 衢江区
59%
县级市 龙泉市
58%
常山县
58%
平阳县
58%
浦江县
57%
武义县
57%
磐安县
56%
庆元县
54%
市辖区 龙湾区
54%
文成县
54%
松阳县
53%
泰顺县
53%
遂昌县
51%
云和县
50%
No matching quizzes found
Score Distribution
Percent of People with Each Score
Percentile by Number Answered
Your Score History
You have not taken this quiz